Online Catalogue and eLibrary

Regaining Lost Legacy & Women and Global Crisis (Record no. 1696)

MARC details
000 -LEADER
fixed length control field 00508nam a2200205Ia 4500
005 - DATE AND TIME OF LATEST TRANSACTION
control field 20250205031125.0
008 - FIXED-LENGTH DATA ELEMENTS--GENERAL INFORMATION
fixed length control field 240331s9999 xx 000 0 und d
082 ## - DDC Classification
Item Number - Author Mark GOO
DDC Edition Number 4223
Class No. 305.4
100 ## - MAIN ENTRY--PERSONAL NAME
Personal name Goonatilake, H
245 #0 - TITLE STATEMENT
Title Regaining Lost Legacy & Women and Global Crisis
260 ## - PUBLICATION, DISTRIBUTION, ETC.
Place of publication, distribution, etc. Colombo
Name of publisher, distributor, etc. Kantha Handa Handa/Voice of Women
300 ## - PHYSICAL DESCRIPTION
Extent (e.g. Volumes, Pages etc.) 75 p.,
650 ## - SUBJECT ADDED ENTRY--TOPICAL TERM
Topical term or geographic name entry element Women
650 ## - SUBJECT ADDED ENTRY--TOPICAL TERM
Topical term or geographic name entry element Global
650 ## - SUBJECT ADDED ENTRY--TOPICAL TERM
Topical term or geographic name entry element History
650 ## - SUBJECT ADDED ENTRY--TOPICAL TERM
Topical term or geographic name entry element Political
650 ## - SUBJECT ADDED ENTRY--TOPICAL TERM
Topical term or geographic name entry element Buddhism
650 ## - SUBJECT ADDED ENTRY--TOPICAL TERM
Topical term or geographic name entry element Religion
942 ## - Koha item type (Biblio)
Koha item type Books in Stacks (Lending)
Holdings
Lost status Damaged status Collection code Home library Current library Shelving location Date acquired Full call number Accession Number Item type
    Lending WERC Library WERC Library Social Science Cupboard 03/31/2024 305.4 GOO 4223 Books in Stacks (Lending)

© WERC Library